000 00449nam a2200169Ia 4500
005 20250508161033.0
008 008 250505s9999 xx 000 0 eng d
037 _aTextual
040 _aFEDL
_beng
_cFEDL
041 _aeng
_2eng
084 _a615.5, DAS
_qFEDL
100 _aDastur J F
_9580147
245 0 _aEverybody's guide to ayur vedic medicine
300 _a316p.
942 _cTEXL
_h615.5, DAS
999 _c1368062
_d1368062